Hetalia Charaters Quiz Stats

 Plays Quiz not verified by Sporcle

Challenge
Share
Tweet
Embed
Score 0/25 Timer 10:00
0 Plays Today
Hint Answer % Correct
Pasta Italy
99.8%
WurstsGermany
99.3%
Manga / AnimeJapan
99.3%
HEROAmerica
99.3%
EyebrowsEngland
99.3%
RosesFrance
98.9%
SunflowersRussia
98.2%
WokChina
96.6%
TomatoesRomano
96.2%
IkeaSweden
95.5%
PianoAustria
95%
PancakesCanada
94.8%
PuffinsIceland
94.4%
Hint Answer % Correct
AxeDenmark
93.5%
Frying pan Hungary
93.5%
TrollsNorway
93.2%
WifeFinland
91.6%
SunshineSpain
89.8%
GrandpaRome
89.6%
BirdsPrussia
89.4%
PoniesPoland
88.5%
BlogEstonia
83.2%
Rome's friendGermania
81.5%
Tiny and AfraidLatvia
80.6%
BriefcaseLithuania
76%

You're not logged in!

Compare scores with friends on all Sporcle quizzes.
OR
Log In

You Might Also Like...

Show Comments

Extras

Created Sep 12, 2016ReportNominate
Tags:character, hetalia

Top Quizzes Today


Score Distribution

Your Account Isn't Verified!

In order to create a playlist on Sporcle, you need to verify the email address you used during registration. Go to your Sporcle Settings to finish the process.

Report this User

Report this user for behavior that violates our Community Guidelines.

Details: